Rehla of Ibn Battuta (Record no. 9303)

MARC details
000 -LEADER
fixed length control field 00582nam a2200229 a 4500
020 ## - INTERNATIONAL STANDARD BOOK NUMBER
ISBN
082 00 - DEWEY DECIMAL CLASSIFICATION NUMBER
Classification number 915.40402
Author Cutter BAT
100 ## - MAIN ENTRY--AUTHOR NAME
Author name Ibn, Batuta
245 ## - TITLE STATEMENT
Title Rehla of Ibn Battuta
Sub title India, Maldive Islands and Ceylon
260 ## - PUBLICATION, DISTRIBUTION, ETC. (IMPRINT)
Place of publication Baroda
Name of publisher Oriental Institute
Year of publication 1953
300 ## - PHYSICAL DESCRIPTION
Number of Pages 300p
500 ## - GENERAL NOTE
General note includes index and biblioraphy
505 2# - FORMATTED CONTENTS NOTE
Formatted contents note Index
650 ## - SUBJECT ADDED ENTRY--TOPICAL TERM
Topical Term India-Travel and Description
942 ## - ADDED ENTRY ELEMENTS (KOHA)
Koha item type Books
Holdings
Collection code Home library Current library Date acquired Cost, normal purchase price Full call number Accession Number Koha item type
  Henry Martyn Institute Library Henry Martyn Institute Library 06/05/2007 37.00 915.40402 BAT 013543 Books
                   Copyright © 2026 | Henry Martyn Institute | Hyderabad | TS-500052 | INDIA | Implemented by hmi.edu.in
Hit-Count:

Powered by Koha